000 00611 a2200205 4500
999 _c30253
_d30253
003 NUST
005 20180118115034.0
008 180118b xxu||||| |||| 00| 0 eng d
020 _a0780347013
020 _a9780780347014
082 _a537
100 _aWerner, Douglas H.
_98641
245 1 0 _aFrontiers in electromagnetics /
_cDouglas H. Werner, Raj Mittra.
250 _a1st ed.
260 _a[S.l.] :
_bWiley-IEEE Press,
_c2000.
300 _a814 p. ;
_c26 cm.
490 1 _aIeee press series on rf and microwave technology.
700 1 _aWerner, Douglas H.
_98641
700 1 _aMittra, Raj.
_98642
830 0 _aIeee press series on rf and microwave technology.
_98643
942 _aSNS
_cBK
_k537 WER
_2ddc